=LDR 00000nam 2200000 4500 =001 INLIS000000000006180 =005 20130612094336 =008 ***********************************Ind** =035 ##$$0010-061300000006180 =041 ##$$a Ind =082 ##$$a 372.8 =090 ##$$a 372.8, Pen =245 ##$$a Pendidikan agama islam untuk kelas 2 SD, Abdul Chusain BA...[et.al] =260 ##$$a 2002 $b Jakarta =300 ##$$a 96 hlm, ilus, 23 cm =650 ##$$a Agama Islam-Pendidikan dasar =700 ##$$a Chusaini, Abdul =850 ##$$a NBPNMAT